000 01175nac a22003497a 4500
001 BR9001916
003 BR-BrBNA
005 20240105121115.0
008 230509b bl.|||m| |||| 00| 0 por d
040 _aBR-BrBNA
_bpor
_cBiblioteca Nacional de Agricultura
072 _aF01
090 _a1500 BR9001916
100 1 _aAngeletti, M. da P.
100 1 _aFonseca, A.F.A. da
110 1 _aUnidade de Execucao de Pesquisa de Ambito Estadual de Porto Velho, RO (Brasil)
_910373
245 1 _aInstrucoes tecnicas para o cultivo comercial de hortalicas em Rondonia
260 3 _aPorto Velho, RO (Brasil):
_c1989.
300 _a67 p.
490 _aCircular Tecnica - Unidade de Execucao de Pesquisa de Ambito Estadual de Porto Velho (Brazil)
_vno. 11
_xISSN 0101-6989
500 _aBibliography p. 61-64 (57 ref.)
650 _aHORTALICA CUCURBITACEA
650 _aHORTALICA DE BULBO
650 _aHORTALICA FOLHOSA
650 _aEPOCA DE PLANTIO
650 _aCULTIVO DO SOLO
650 _aCALAGEM
650 _aADUBACAO
650 _aROTACAO DE CULTURA
650 _aRONDONIA
909 _a202312
_bLúcia Elande
_c55
_dLúcia Elande
942 _2AGRIS
_n0
_cMS
999 _c283336
_d283336